La opinión periodística: argumentos y géneros para la persuasión

保存先:
書誌詳細
主要な著者: Santamaría Suárez, Luisa (著者), Casals Carro, María Jesús (著者)
フォーマット: 図書
言語:スペイン語
出版事項: Buenos Aires Editorial Docencia 2000
版:1a. ed
主題:
タグ: タグ追加
タグなし, このレコードへの初めてのタグを付けませんか!

MARC

LEADER 00000cam a2200000 a 4500
001 UCG5603
003 CL-VaPUC
008 110310e20000920AG |||||||||||||||||spa|d
020 |a 9875060380 
082 0 4 |a 070.442  |b SAN  |2 21 
100 0 |a Santamaría Suárez, Luisa  |e author  |9 555279 
700 0 |a Casals Carro, María Jesús  |e author  |9 555280 
245 1 3 |a La opinión periodística: argumentos y géneros para la persuasión 
250 |a 1a. ed 
300 |a 399 p 
942 |c BK 
945 |d 20110310 00:00:00  |a jcampos 
260 |a Buenos Aires  |b Editorial Docencia  |c 2000 
650 0 |a Periodismo   |9 310113 
650 0 |a Géneros periodísticos  |9 552645 
650 7 |a OPINION  |2 CL-VaPUC  |9 336329 
650 0 |a Argumentación   |9 257103 
650 7 |a PERSUASION  |2 CL-VaPUC  |9 333321 
583 |a last modification  |c 20121228 08:58:58  |k Rodrigo Vera 
999 |c 344016  |d 344014 
952 |0 0  |1 0  |4 0  |6 070_442000000000000_SAN_2000  |7 0  |8 A  |9 441774  |a BIBCUR  |b BIBCUR  |d 2019-11-22  |i 4752775  |l 4  |o 070.442 SAN 2000  |p 4752775  |r 2025-04-22  |s 2022-06-06  |w 2019-11-22  |y BK  |k PER 
952 |0 0  |1 0  |4 0  |6 070_442000000000000_SAN_2000  |7 0  |8 A  |9 441775  |a BIBCUR  |b BIBCUR  |d 2019-11-22  |i 4940296  |l 5  |o 070.442 SAN 2000  |p 4940296  |r 2025-04-22  |s 2022-06-13  |w 2019-11-22  |y BK  |k MGC